[Event "24th ch-EUR Indiv w 2024"]
[Site "Rhodes GRE"]
[Date "2024.04.22"]
[Round "4.80"]
[White "Skuhala, Barbara"]
[Black "Androni, Konstantina"]
[Result "1-0"]
[WhiteTitle "WFM"]
[WhiteElo "2162"]
[BlackElo "1977"]
[WhiteFideId "14605465"]
[BlackFideId "4215362"]
[EventDate "2024.04.19"]

1. e4 c5 2. Nc3 g6 3. d3 Bg7 4. Be3 d6 5. Qd2 Nc6 6. g3 Nf6 7. h3 Bd7 8. Bg2 a6
9. Nge2 Rc8 10. O-O O-O 11. Bh6 Nd4 12. Bxg7 Kxg7 13. Nd1 e5 14. c3 Nxe2+ 15.
Qxe2 Re8 16. Ne3 Bc6 17. c4 b5 18. b3 bxc4 19. bxc4 Rb8 20. f4 Re7 21. Qf3 Reb7
22. g4 a5 23. Qg3 Nd7 24. f5 a4 25. g5 Qa5 26. Qh4 Qd2 27. Qh6+ Kh8 28. Rf3 Rg8
29. fxg6 Rxg6 30. Qh4 Qxd3 31. Qf2 Bxe4 32. Rxf7 Kg8 33. Re7 Nf6 34. gxf6 Rxf6
35. Qxf6 Qxe3+ 36. Kh2 Rxe7 37. Bxe4 Qe2+ 38. Bg2 Rf7 39. Qd8+ Rf8 40. Qxd6 Qe3
41. Bd5+ 1-0

[Event "24th ch-EUR Indiv w 2024"]
[Site "Rhodes GRE"]
[Date "2024.04.22"]
[Round "4.81"]
[White "Suleimanova, Ava"]
[Black "Stefanidi, Maria-Anna"]
[Result "1/2-1/2"]
[WhiteTitle "WGM"]
[BlackTitle "WFM"]
[WhiteElo "2139"]
[BlackElo "1944"]
[WhiteFideId "4137728"]
[BlackFideId "4207750"]
[EventDate "2024.04.19"]

1. e4 e5 2. d4 exd4 3. Qxd4 Nc6 4. Qe3 Bb4+ 5. Nc3 d6 6. Bd2 Be6 7. f4 f6 8. Bb5
Qe7 9. Nge2 a6 10. Ba4 Bc5 11. Qf3 Qd7 12. h3 Nge7 13. O-O-O b5 14. Bb3 Bxb3 15.
cxb3 O-O 16. g4 Rfb8 17. Kb1 a5 18. g5 f5 19. exf5 Qxf5+ 20. Qe4 a4 1/2-1/2

[Event "24th ch-EUR Indiv w 2024"]
[Site "Rhodes GRE"]
[Date "2024.04.22"]
[Round "4.82"]
[White "Aliu, Arlinda"]
[Black "Dwilewicz, Katarzyna"]
[Result "0-1"]
[BlackTitle "WFM"]
[WhiteElo "1813"]
[BlackElo "2130"]
[WhiteFideId "22101292"]
[BlackFideId "1148486"]
[EventDate "2024.04.19"]

1. Nf3 c5 2. e4 Nc6 3. Bc4 e6 4. Nc3 Nf6 5. d4 cxd4 6. Nxd4 Bb4 7. Nxc6 bxc6 8.
Bd2 d5 9. exd5 cxd5 10. Bb5+ Bd7 11. Bxd7+ Qxd7 12. O-O Be7 13. Re1 Rb8 14. b3
O-O 15. Bf4 Rbc8 16. Na4 Rfd8 17. c3 Ne4 18. c4 Bh4 19. g3 Bf6 20. Rc1 h6 21.
cxd5 exd5 22. Rxc8 Qxc8 23. Qd3 Qd7 24. Rc1 Ng5 25. Rc7 Nh3+ 26. Kf1 Nxf4 27.
Rxd7 Nxd3 28. Rxd8+ Bxd8 29. Nc3 d4 30. Nb5 Bb6 31. a3 Kf8 32. b4 Ke7 33. Ke2
Nb2 0-1

[Event "24th ch-EUR Indiv w 2024"]
[Site "Rhodes GRE"]
[Date "2024.04.22"]
[Round "4.83"]
[White "Tashkinova, Sofiia"]
[Black "Stefan, Iulia-Cristiana"]
[Result "1-0"]
[WhiteElo "2066"]
[BlackElo "1938"]
[WhiteFideId "14188309"]
[BlackFideId "1273876"]
[EventDate "2024.04.19"]

1. e4 e5 2. Nf3 Nc6 3. Bb5 a6 4. Ba4 d6 5. d4 b5 6. Bb3 Nxd4 7. Nxd4 exd4 8. a4
Bb7 9. O-O c5 10. Bd5 Rb8 11. axb5 axb5 12. Bxb7 Rxb7 13. c3 dxc3 14. Nxc3 Nf6
15. Qf3 Rb8 16. Rd1 Qc7 17. Bf4 Be7 18. Qe2 O-O 19. e5 Ne8 20. Nxb5 Qb6 21. exd6
Bd8 22. d7 Nc7 23. Nc3 Bf6 24. Nd5 Nxd5 25. Bxb8 Nc3 26. bxc3 Qxb8 27. Qe3 Qc7
28. Rd5 c4 29. Rad1 h6 30. Rc5 Qb7 31. Rxc4 Rd8 32. Qe8+ Kh7 33. Qe4+ 1-0

[Event "24th ch-EUR Indiv w 2024"]
[Site "Rhodes GRE"]
[Date "2024.04.22"]
[Round "4.84"]
[White "Chasouraki, Chrysi"]
[Black "Hapala, Elisabeth"]
[Result "0-1"]
[BlackTitle "WFM"]
[WhiteElo "1827"]
[BlackElo "2044"]
[WhiteFideId "25861123"]
[BlackFideId "1622080"]
[EventDate "2024.04.19"]

1. e4 c5 2. Nf3 e6 3. d4 cxd4 4. Nxd4 Nc6 5. Nc3 Qc7 6. Be3 a6 7. Bd3 Nf6 8. Qe2
Ne5 9. f4 Nxd3+ 10. cxd3 d6 11. O-O Be7 12. Rac1 Qa5 13. f5 e5 14. Nb3 Qd8 15.
Qf3 b5 16. Bg5 Bb7 17. Bxf6 Bxf6 18. Nd5 Bxd5 19. exd5 O-O 20. Rc6 e4 21. Qxe4
Re8 22. Qf4 Be5 23. Qf2 Qe7 24. Rfc1 a5 25. Rc7 Qg5 26. g3 h5 27. d4 Bf6 28. h3
a4 29. Nd2 Bxd4 30. Qxd4 Qxg3+ 31. Kf1 Qxh3+ 32. Kf2 Qh2+ 33. Kf3 Qe2+ 34. Kg3
Re3+ 35. Kf4 Qf2+ 36. Kg5 f6+ 37. Kxh5 Qxf5+ 0-1

[Event "24th ch-EUR Indiv w 2024"]
[Site "Rhodes GRE"]
[Date "2024.04.22"]
[Round "4.87"]
[White "Lamprianou, Marianna"]
[Black "Recica, Jona"]
[Result "0-1"]
[WhiteElo "1462"]
[BlackElo "1641"]
[WhiteFideId "42153697"]
[BlackFideId "22105239"]
[EventDate "2024.04.19"]

1. e4 e5 2. Nf3 Nc6 3. d4 exd4 4. Nxd4 Qf6 5. Be3 Bc5 6. c3 Nge7 7. Bc4 O-O 8.
O-O Bb6 9. b4 Nxd4 10. cxd4 Nc6 11. e5 Qd8 12. a4 a6 13. a5 Ba7 14. b5 axb5 15.
Bxb5 Bb6 16. Bxc6 bxc6 17. Qd2 d6 18. exd6 cxd6 19. Qc3 Rxa5 20. Rxa5 Bxa5 21.
Qxc6 Qf6 22. Nc3 Qe6 23. Bf4 Bd7 24. Qxd6 Bxc3 25. Qxe6 Bxe6 26. Rd1 Ra8 27. h3
Ra1 28. Rxa1 Bxa1 29. Be3 f5 30. f4 Kf7 31. Kf2 Ke7 32. Kf3 Kd6 33. g4 Kd5 34.
g5 Bxd4 35. Bxd4 Kxd4 36. h4 Bd5+ 37. Kg3 g6 38. Kh3 Ke3 39. Kg3 Bf3 40. Kh3
Kxf4 41. Kh2 Kg4 42. Kg1 Kxh4 43. Kf2 Be4 44. Ke3 Kxg5 45. Kf2 Kg4 46. Kg1 Kg3
47. Kf1 h5 48. Kg1 h4 49. Kf1 h3 50. Kg1 h2+ 51. Kf1 h1=Q+ 52. Ke2 f4 53. Kd2 f3
54. Ke3 f2 55. Kd4 f1=Q 56. Ke5 Qf5+ 57. Kd4 Qd5+ 58. Ke3 Qe1# 0-1

[Event "24th ch-EUR Indiv w 2024"]
[Site "Rhodes GRE"]
[Date "2024.04.22"]
[Round "4.88"]
[White "Kaka, Rengina Tsampika"]
[Black "Sanchez Ruiz, Piedad Esmeralda"]
[Result "0-1"]
[WhiteElo "1480"]
[BlackElo "1806"]
[WhiteFideId "42153794"]
[BlackFideId "2286912"]
[EventDate "2024.04.19"]

1. d4 d5 2. Bf4 Nf6 3. e3 e6 4. Nf3 c5 5. c3 Bd6 6. Bg3 Nc6 7. Nbd2 O-O 8. Bd3
b6 9. Ne5 Bb7 10. Qc2 Rc8 11. Nxc6 Bxc6 12. Bxd6 Qxd6 13. O-O-O c4 14. Be2 b5
15. a3 a5 16. f3 b4 17. e4 Qe7 18. axb4 axb4 19. Rde1 bxc3 20. bxc3 Qa7 21. e5
Nd7 22. h4 Rb8 23. Nf1 Qa3+ 24. Kd1 Ba4 25. g4 Bxc2+ 26. Kxc2 Rb2+ 27. Kd1 Qa1# 0-1

[Event "24th ch-EUR Indiv w 2024"]
[Site "Rhodes GRE"]
[Date "2024.04.23"]
[Round "5.1"]
[White "Garcia Martin, Marta"]
[Black "Fataliyeva, Ulviyya"]
[Result "1/2-1/2"]
[WhiteTitle "IM"]
[BlackTitle "IM"]
[WhiteElo "2349"]
[BlackElo "2377"]
[WhiteFideId "32084030"]
[BlackFideId "13403052"]
[EventDate "2024.04.19"]

1. d4 Nf6 2. Nc3 d5 3. Bf4 c5 4. e3 cxd4 5. exd4 Bg4 6. f3 Bd7 7. Nb5 Bxb5 8.
Bxb5+ Nc6 9. c3 e6 10. Ne2 Rc8 11. Qd2 Be7 12. h4 Nh5 13. Bg5 f6 14. Be3 f5 15.
Bg5 O-O 16. Qe3 Qd6 17. Bxc6 Rxc6 18. Bxe7 Qxe7 19. Qe5 b5 20. a3 a5 21. g4 fxg4
22. Qxh5 gxf3 23. Ng3 b4 24. axb4 axb4 25. Qg5 Qb7 26. O-O bxc3 27. bxc3 Rxc3
28. Rab1 Qc7 29. Rf2 h6 30. Qg4 Re3 31. h5 Qf4 32. Qxf4 Rxf4 33. Rd1 Kh7 34. Nf1
Ree4 35. Nh2 Rxd4 36. Rxd4 Rxd4 37. Nxf3 Re4 38. Rd2 g6 39. hxg6+ Kxg6 40. Rg2+
Kf6 41. Rh2 Rg4+ 42. Kf2 Kg7 43. Ne5 Rf4+ 44. Kg3 Rf5 45. Nf3 h5 46. Ra2 e5 47.
Ra5 Kf6 48. Rxd5 e4 49. Rxf5+ Kxf5 50. Nd2 e3 51. Nc4 Ke4 52. Nxe3 Kxe3 53. Kh4
Kf4 1/2-1/2

[Event "24th ch-EUR Indiv w 2024"]
[Site "Rhodes GRE"]
[Date "2024.04.23"]
[Round "5.2"]
[White "Daulyte-Cornette, Deimante"]
[Black "Ushenina, Anna"]
[Result "1/2-1/2"]
[WhiteTitle "IM"]
[BlackTitle "GM"]
[WhiteElo "2381"]
[BlackElo "2418"]
[WhiteFideId "12802859"]
[BlackFideId "14110911"]
[EventDate "2024.04.19"]

1. e4 c5 2. Nf3 Nc6 3. Bb5 e6 4. O-O Nge7 5. Re1 a6 6. Bf1 d5 7. d3 Ng6 8. exd5
Qxd5 9. g3 Be7 10. Bg2 Qd8 11. h4 f6 12. h5 Nge5 13. Nxe5 Nxe5 14. Nc3 O-O 15.
Ne4 Nf7 16. Be3 Qc7 17. a4 Bd7 18. a5 Bc6 19. Qd2 f5 20. Ng5 Bxg5 21. Bxg5 h6
22. Be3 Bxg2 23. Kxg2 Qc6+ 24. f3 e5 25. Qf2 Rac8 26. Bd2 Qd5 27. Ra4 Rfe8 28.
Kg1 Nd6 29. Bc3 Nb5 30. f4 Nd4 31. Bxd4 exd4 32. Raa1 1/2-1/2

[Event "24th ch-EUR Indiv w 2024"]
[Site "Rhodes GRE"]
[Date "2024.04.23"]
[Round "5.4"]
[White "Narva, Mai"]
[Black "Brunello, Marina"]
[Result "1/2-1/2"]
[WhiteTitle "IM"]
[BlackTitle "IM"]
[WhiteElo "2401"]
[BlackElo "2353"]
[WhiteFideId "4500512"]
[BlackFideId "822590"]
[EventDate "2024.04.19"]

1. e4 c6 2. d4 d5 3. exd5 cxd5 4. c4 Nf6 5. Nc3 Nc6 6. cxd5 Nxd5 7. Bc4 Be6 8.
Bb3 Nxc3 9. bxc3 Bxb3 10. axb3 e6 11. Nf3 Be7 12. O-O O-O 13. Qd3 Bf6 14. Rd1 h6
15. Be3 Qd7 16. Rab1 Rfd8 17. Qe4 Qd5 18. Qc2 Rac8 19. c4 Qd7 20. Qe4 Ne7 21.
Bf4 Qc6 22. Qxc6 Rxc6 23. g4 g5 24. Bg3 Rcc8 25. Rd2 Rd7 26. Rbd1 Rcd8 27. Kg2
Kg7 28. h3 Kg6 29. h4 gxh4 30. Nxh4+ Bxh4 31. Bxh4 h5 32. gxh5+ Kxh5 33. Bxe7
Rxe7 34. Kf3 Kg6 35. Rg1+ Kf6 36. Ke4 Rh8 37. Rg3 Rh4+ 38. Ke3 Rd7 39. f4 Rd6
40. Ra2 a6 41. Rf2 Ke7 42. Rgf3 Kd7 43. Kd3 Rh1 44. Kc3 Rc1+ 45. Kd2 Rh1 46. Kc3
Rc1+ 47. Kd2 Rh1 48. Kc3 1/2-1/2

[Event "24th ch-EUR Indiv w 2024"]
[Site "Rhodes GRE"]
[Date "2024.04.23"]
[Round "5.5"]
[White "Milliet, Sophie"]
[Black "Kulon, Klaudia"]
[Result "1/2-1/2"]
[WhiteTitle "IM"]
[BlackTitle "IM"]
[WhiteElo "2392"]
[BlackElo "2348"]
[WhiteFideId "623725"]
[BlackFideId "1131044"]
[EventDate "2024.04.19"]

1. e4 e5 2. Nf3 Nc6 3. Bb5 a6 4. Ba4 Nf6 5. O-O d6 6. c3 Bd7 7. d4 g6 8. Bc2 Bg7
9. h3 O-O 10. Be3 Nh5 11. Nbd2 Qe8 12. a4 Kh8 13. Nc4 f5 14. dxe5 f4 15. Bd4
dxe5 16. Bc5 Rg8 17. Bb3 Rd8 18. Ncd2 Be6 19. a5 Bf6 20. Bxe6 Qxe6 21. Qb3 Qc8
22. Rfd1 Ng7 23. Qc4 Ne6 24. b4 h5 25. Nh2 Nxc5 26. Qxc5 g5 27. f3 Be7 28. Qc4
Rg6 29. Nb3 Kg7 30. Rd5 Bd6 31. Rad1 Ne7 32. R5d2 Ng8 33. Qe2 Qe6 34. Nc1 Nf6
35. c4 Rh8 36. c5 Be7 37. Nd3 g4 38. fxg4 hxg4 39. Nxg4 Rxg4 40. hxg4 Nxg4 41.
Nf2 Ne3 42. Rd7 Kf6 43. R7d3 Nxd1 44. Qxd1 Rg8 45. Rh3 Rg6 46. Qh5 Bf8 47. Qh8+
Kf7 48. Rh5 Bg7 49. Qd8 Qe7 50. Qd5+ Ke8 51. Qxb7 f3 52. Qc8+ Qd8 53. Qxd8+ Kxd8
54. g4 Kd7 55. Rf5 Kc6 56. Rxf3 Kb5 57. Rb3 Kc4 58. Rb2 Bh6 59. Re2 Bg7 60. Rb2
Bh6 61. Re2 Bf4 62. Kg2 Kxb4 63. Kf3 Kc3 64. Ra2 Rf6 65. Ke2 Rh6 66. Ra1 Kd4 67.
Kf3 Rf6 68. Ke2 Bg3 69. Rd1+ Kxc5 70. Rd5+ Kc4 71. Nd3 c6 72. Nxe5+ Bxe5 73.
Rxe5 Kd4 74. Re8 Rf4 75. g5 Rg4 76. Re6 1/2-1/2

[Event "24th ch-EUR Indiv w 2024"]
[Site "Rhodes GRE"]
[Date "2024.04.23"]
[Round "5.6"]
[White "Piddubna, Bozhena"]
[Black "Vega Gutierrez, Sabrina"]
[Result "1-0"]
[WhiteTitle "WCM"]
[BlackTitle "IM"]
[WhiteElo "2005"]
[BlackElo "2383"]
[WhiteFideId "34109293"]
[BlackFideId "2219026"]
[EventDate "2024.04.19"]

1. Nf3 Nf6 2. g3 d5 3. Bg2 e6 4. O-O Be7 5. d4 O-O 6. c4 c6 7. Nc3 a5 8. Re1
Nbd7 9. Nd2 Re8 10. e4 e5 11. exd5 exd4 12. dxc6 dxc3 13. cxd7 Bxd7 14. bxc3 Qc7
15. Nb3 a4 16. Bf4 Qxc4 17. Nd4 Nd5 18. Nf5 Bxf5 19. Bxd5 Qxc3 20. Rc1 Qb4 21.
Re5 Be6 22. Bxe6 fxe6 23. Rxe6 Bf6 24. Rb1 Qc4 25. Rd6 Qxa2 26. Rxb7 Qc4 27.
Rxf6 Rad8 28. Rd6 Rxd6 29. Bxd6 Re2 30. Be5 1-0

[Event "24th ch-EUR Indiv w 2024"]
[Site "Rhodes GRE"]
[Date "2024.04.23"]
[Round "5.7"]
[White "Wagner, Dinara"]
[Black "Sliwicka, Alicja"]
[Result "1/2-1/2"]
[WhiteTitle "IM"]
[BlackTitle "WIM"]
[WhiteElo "2453"]
[BlackElo "2315"]
[WhiteFideId "24157570"]
[BlackFideId "1150677"]
[EventDate "2024.04.19"]

1. d4 Nf6 2. c4 g6 3. Nc3 Bg7 4. e4 O-O 5. Nf3 d6 6. Be2 e5 7. Be3 exd4 8. Nxd4
Re8 9. f3 c6 10. Bf2 d5 11. exd5 cxd5 12. O-O Nc6 13. c5 Bf8 14. Kh1 Bd7 15. Qd2
Rc8 16. Nxc6 bxc6 17. b4 Nh5 18. g4 Ng7 19. Ba6 Ra8 20. b5 Bc8 21. Bxc8 Rxc8 22.
bxc6 Ne6 23. Nxd5 Rxc6 24. Rfd1 Bxc5 25. Rac1 Bb4 26. Qd3 Rxc1 27. Rxc1 Bf8 28.
Bxa7 Bg7 29. Bf2 Qa8 30. Qb3 Qa5 31. Rd1 Be5 32. a4 Nc5 33. Qb5 Qxa4 34. Qxa4
Nxa4 35. Re1 Re6 36. Re4 Nb2 37. f4 Nd3 38. Bh4 Bg7 39. Ra4 Re8 40. f5 gxf5 41.
gxf5 h5 42. Ra3 Nc5 43. Ne7+ Kh7 44. f6 Bh6 45. Ra5 Ne6 46. Rxh5 Nf4 47. Rb5 Ng6
48. Nf5 Nxh4 49. Nxh4 Re6 50. Rf5 Re4 51. Rh5 Re6 52. Rf5 1/2-1/2

[Event "24th ch-EUR Indiv w 2024"]
[Site "Rhodes GRE"]
[Date "2024.04.23"]
[Round "5.8"]
[White "Javakhishvili, Lela"]
[Black "Benmesbah, Natacha"]
[Result "1-0"]
[WhiteTitle "IM"]
[BlackTitle "WIM"]
[WhiteElo "2447"]
[BlackElo "2306"]
[WhiteFideId "13601458"]
[BlackFideId "642002"]
[EventDate "2024.04.19"]

1. d4 Nf6 2. c4 g6 3. Nc3 Bg7 4. e4 d6 5. h3 O-O 6. Be3 Nbd7 7. g4 e5 8. d5 Nc5
9. f3 a5 10. Nge2 c6 11. Ng3 b5 12. g5 Ne8 13. dxc6 Ne6 14. cxb5 f5 15. exf5
Nxg5 16. h4 Nf7 17. b6 gxf5 18. b7 Rb8 19. Nd5 Nf6 20. c7 1-0

[Event "24th ch-EUR Indiv w 2024"]
[Site "Rhodes GRE"]
[Date "2024.04.23"]
[Round "5.9"]
[White "Zhukova, Natalia"]
[Black "Batsiashvili, Nino"]
[Result "1/2-1/2"]
[WhiteTitle "GM"]
[BlackTitle "GM"]
[WhiteElo "2301"]
[BlackElo "2445"]
[WhiteFideId "14101513"]
[BlackFideId "13602993"]
[EventDate "2024.04.19"]

1. d4 Nf6 2. c4 e6 3. Nf3 a6 4. Bg5 h6 5. Bxf6 Qxf6 6. Nc3 d6 7. e3 g6 8. Be2
Bg7 9. O-O O-O 10. Rc1 Nd7 11. Qd2 b6 12. a4 a5 13. Nb5 Qd8 14. Ne1 Bb7 15. Bf3
Bxf3 16. Nxf3 1/2-1/2

[Event "24th ch-EUR Indiv w 2024"]
[Site "Rhodes GRE"]
[Date "2024.04.23"]
[Round "5.10"]
[White "Atalik, Ekaterina"]
[Black "Zimina, Olga"]
[Result "0-1"]
[WhiteTitle "IM"]
[BlackTitle "IM"]
[WhiteElo "2406"]
[BlackElo "2299"]
[WhiteFideId "4130189"]
[BlackFideId "4132190"]
[EventDate "2024.04.19"]

1. c4 c6 2. e4 d5 3. exd5 cxd5 4. d4 Nf6 5. Nc3 g6 6. Qb3 Bg7 7. cxd5 O-O 8. Be2
b6 9. Bf3 Bb7 10. Nge2 Na6 11. O-O Qd7 12. Nf4 Nc7 13. Re1 g5 14. Nd3 g4 15. Ne5
Qf5 16. Be2 Ncxd5 17. Bd3 Qh5 18. Ne2 e6 19. Ng3 Qh4 20. Nc4 Rad8 21. Re5 h6 22.
Bd2 Ne7 23. Bb4 Nfd5 24. Rh5 Qf6 25. Ne5 Nxb4 26. Qxb4 Nc6 27. Qc3 Nxd4 28. Re1
Qf4 29. Be4 Bxe4 30. Nxe4 Bxe5 31. Qe3 Nc2 0-1

[Event "24th ch-EUR Indiv w 2024"]
[Site "Rhodes GRE"]
[Date "2024.04.23"]
[Round "5.11"]
[White "Buksa, Nataliya"]
[Black "Kubicka, Anna"]
[Result "1/2-1/2"]
[WhiteTitle "IM"]
[BlackTitle "WIM"]
[WhiteElo "2394"]
[BlackElo "2292"]
[WhiteFideId "14123622"]
[BlackFideId "1152254"]
[EventDate "2024.04.19"]

1. e4 c6 2. Nc3 d5 3. Nf3 Bg4 4. h3 Bxf3 5. Qxf3 e6 6. Be2 Nf6 7. O-O Nbd7 8. d4
dxe4 9. Nxe4 Nxe4 10. Qxe4 Nf6 11. Qe3 Bd6 12. Bd2 Qc7 13. c4 O-O 14. Bc3 Bf4
15. Qf3 e5 16. Bd3 Rfe8 17. Rfe1 exd4 18. Bxd4 Be5 19. Bxe5 Rxe5 20. Rxe5 Qxe5
21. Qe2 Qxe2 22. Bxe2 Rd8 23. Kf1 c5 24. Bf3 b6 25. Ke2 Rd4 26. Rc1 Kf8 27. Rc3
Ke8 28. Ke3 Kd7 29. Rc1 a5 30. a3 Kd6 31. b4 axb4 32. axb4 Nd7 33. Bd5 f5 34.
Rb1 f4+ 35. Ke2 g5 36. bxc5+ bxc5 37. Bg8 h5 38. f3 h4 39. Bd5 Kc7 40. Rb7+ Kd6
41. Rb5 Ne5 42. Rb6+ Kd7 43. Rb7+ Kd6 44. Rb6+ Kd7 45. Rb7+ Kd6 46. Rb6+ 1/2-1/2

[Event "24th ch-EUR Indiv w 2024"]
[Site "Rhodes GRE"]
[Date "2024.04.23"]
[Round "5.12"]
[White "Lach, Aleksandra"]
[Black "Bulmaga, Irina"]
[Result "0-1"]
[WhiteTitle "WIM"]
[BlackTitle "IM"]
[WhiteElo "2292"]
[BlackElo "2394"]
[WhiteFideId "1134299"]
[BlackFideId "13903063"]
[EventDate "2024.04.19"]

1. d4 Nf6 2. Nc3 d5 3. Bf4 e6 4. e3 Bd6 5. Bd3 b6 6. Nce2 O-O 7. Nf3 c5 8. c3
Ba6 9. O-O Bxd3 10. Qxd3 Nc6 11. Ng3 Re8 12. Rad1 h6 13. Bxd6 Qxd6 14. e4 cxd4
15. Nxd4 Nxd4 16. Qxd4 e5 17. Qa4 Qe6 18. Rfe1 Nxe4 19. Nxe4 dxe4 20. Rxe4 Rad8
21. Rde1 Rd5 22. b4 Re7 23. R4e2 b5 24. Qc2 Qg4 25. f3 Qc4 26. Re4 Qc6 27. g4
Qd6 28. R1e2 g6 29. c4 bxc4 30. Rxc4 Rd3 31. Kg2 Kg7 32. Rc5 Re6 33. Qb2 Rd4 34.
a3 Kh7 35. Qc3 e4 36. f4 Qxf4 37. Qg3 Qf6 38. Rf2 Qe7 39. Rc7 Rd7 40. Rxd7 Qxd7
41. Qe3 Re7 42. h3 f5 43. Rd2 Qe6 44. Qf4 e3 45. Re2 Qd5+ 46. Qf3 Qe5 47. a4 f4
48. h4 Qe4 49. Qxe4 Rxe4 50. Kf3 Rxb4 51. Rc2 Rxa4 52. Rc7+ Kg8 53. Rc6 Kg7 54.
g5 hxg5 55. hxg5 Ra1 56. Re6 Rf1+ 57. Ke2 Rf2+ 58. Ke1 a5 59. Re7+ Kf8 60. Re4
Kf7 61. Kd1 a4 62. Rxa4 Ke6 63. Ra5 Rd2+ 64. Ke1 Rd5 65. Ra6+ Kf5 66. Ke2 Rd2+ 0-1

[Event "24th ch-EUR Indiv w 2024"]
[Site "Rhodes GRE"]
[Date "2024.04.23"]
[Round "5.13"]
[White "Maltsevskaya, Aleksandra"]
[Black "Schulze, Lara"]
[Result "1-0"]
[WhiteTitle "IM"]
[BlackTitle "FM"]
[WhiteElo "2393"]
[BlackElo "2290"]
[WhiteFideId "24174041"]
[BlackFideId "12956830"]
[EventDate "2024.04.19"]

1. c4 e5 2. Nc3 Nf6 3. Nf3 Nc6 4. g3 Bb4 5. Bg2 O-O 6. O-O e4 7. Ng5 Bxc3 8.
bxc3 Re8 9. Qc2 d5 10. cxd5 Qxd5 11. d3 Bf5 12. Qb1 Rab8 13. c4 Qc5 14. Be3 Qe7
15. Qb5 Bg6 16. d4 Ng4 17. Nh3 Nxe3 18. fxe3 Qb4 19. Nf4 a6 20. Qxb4 Nxb4 21.
Rab1 Nc6 22. g4 Ne7 23. Rb4 b6 24. a4 f5 25. Bh3 Bf7 26. gxf5 Nc6 27. Rbb1 Bxc4
28. f6 Na5 29. Nh5 g6 30. Ng7 Kf7 31. Rbc1 b5 32. axb5 axb5 33. Ra1 Red8 34.
Rxa5 Ra8 35. Rxa8 Rxa8 36. Bd7 Bxe2 37. Be6+ Kf8 38. Rc1 Bc4 39. Bxc4 bxc4 40.
Ne6+ Kf7 41. Ng5+ 1-0

[Event "24th ch-EUR Indiv w 2024"]
[Site "Rhodes GRE"]
[Date "2024.04.23"]
[Round "5.14"]
[White "Kiolbasa, Oliwia"]
[Black "Krasteva, Beloslava"]
[Result "0-1"]
[WhiteTitle "IM"]
[BlackTitle "FM"]
[WhiteElo "2386"]
[BlackElo "2220"]
[WhiteFideId "1154613"]
[BlackFideId "2922029"]
[EventDate "2024.04.19"]

1. d4 Nf6 2. c4 e6 3. Nc3 Bb4 4. e3 O-O 5. Bd2 d5 6. Nf3 Be7 7. Bd3 dxc4 8. Bxc4
a6 9. O-O b5 10. Bb3 Bb7 11. Qe2 Nbd7 12. Rfd1 c5 13. a3 Qb6 14. Be1 Rfd8 15.
Ba2 Rac8 16. Rac1 Qa7 17. d5 exd5 18. Nxd5 Bxd5 19. Bxd5 c4 20. Ba5 Re8 21. Ne1
Nc5 22. Bc3 Nxd5 23. Rxd5 Na4 24. Bd4 Bc5 25. Bxc5 Nxc5 26. Rcd1 Qe7 27. Qg4 Qf6
28. Nf3 h6 29. Nd4 Nd3 30. Nf5 Rcd8 31. Rxd8 Rxd8 32. h4 g6 33. Nxh6+ Kg7 34.
Qg5 Qxf2+ 35. Kh2 Rh8 36. Rd2 Qf6 37. Qxf6+ Kxf6 38. Ng4+ Kf5 39. Kg3 Ke4 40.
Re2 f5 41. Nh2 Ne5 42. Nf1 Rd8 43. Re1 Ng4 44. Kh3 Rd3 45. Ng3+ Ke5 46. Nf1 Rd1
47. Rxd1 Nf2+ 48. Kg3 Nxd1 49. Kf3 Nxb2 50. Ke2 a5 51. Ng3 c3 52. h5 gxh5 53.
Nxh5 b4 54. axb4 axb4 55. Nf4 b3 56. g3 Ke4 57. Ne6 Na4 58. Ng5+ Kd5 59. Kd3 c2
60. Kd2 Nc3 0-1

[Event "24th ch-EUR Indiv w 2024"]
[Site "Rhodes GRE"]
[Date "2024.04.23"]
[Round "5.15"]
[White "Terbe, Julianna"]
[Black "Mammadova, Gulnar"]
[Result "1/2-1/2"]
[WhiteTitle "WIM"]
[BlackTitle "IM"]
[WhiteElo "2274"]
[BlackElo "2352"]
[WhiteFideId "708780"]
[BlackFideId "13403508"]
[EventDate "2024.04.19"]

1. d4 Nf6 2. c4 e6 3. Nf3 d5 4. g3 Be7 5. Bg2 O-O 6. O-O dxc4 7. Qc2 a6 8. a4
Bd7 9. Bg5 Bc6 10. Rd1 b5 11. Bxf6 Bxf6 12. Nc3 Qe8 13. d5 exd5 14. Nd4 Qe5 15.
e4 dxe4 16. Nxe4 Ra7 17. axb5 Bxe4 18. Bxe4 g6 19. bxa6 Rxa6 20. Rxa6 Nxa6 1/2-1/2

[Event "24th ch-EUR Indiv w 2024"]
[Site "Rhodes GRE"]
[Date "2024.04.23"]
[Round "5.16"]
[White "Hryzlova, Sofiia"]
[Black "Savina, Anastasia"]
[Result "1-0"]
[WhiteTitle "WIM"]
[BlackTitle "IM"]
[WhiteElo "2251"]
[BlackElo "2330"]
[WhiteFideId "14174669"]
[BlackFideId "4196872"]
[EventDate "2024.04.19"]

1. d4 d6 2. Nf3 Nf6 3. c4 g6 4. g3 Bg7 5. Bg2 O-O 6. Nc3 Nc6 7. O-O e5 8. dxe5
dxe5 9. Bg5 h6 10. Qxd8 Rxd8 11. Bxf6 Bxf6 12. Nd5 Kg7 13. Nxc7 Rb8 14. e4 g5
15. Nd5 Be6 16. b3 g4 17. Ne1 Nd4 18. Kh1 Bxd5 19. exd5 e4 20. Bxe4 Ne2 21. Nc2
Bxa1 22. Rxa1 Nc3 23. Bf5 b5 24. Bxg4 bxc4 25. bxc4 Rb2 26. Bf5 Kf6 27. g4 Ke5
28. a3 a5 29. Re1+ Kd6 30. Kg2 Kc5 31. Re7 Kxc4 32. Rc7+ Kb3 33. Nd4+ Kxa3 34.
Rxc3+ Kb4 35. Rc7 Rxd5 36. Nc6+ Ka3 37. Rxf7 a4 38. Be6 Rd3 39. Ne5 1-0

[Event "24th ch-EUR Indiv w 2024"]
[Site "Rhodes GRE"]
[Date "2024.04.23"]
[Round "5.17"]
[White "Wikar, Martyna"]
[Black "Melia, Salome"]
[Result "1-0"]
[WhiteTitle "WIM"]
[BlackTitle "IM"]
[WhiteElo "2214"]
[BlackElo "2322"]
[WhiteFideId "21807663"]
[BlackFideId "13602446"]
[EventDate "2024.04.19"]

1. e4 c5 2. c3 Nf6 3. e5 Nd5 4. Nf3 e6 5. Bc4 Nb6 6. Bb3 d5 7. d4 Bd7 8. O-O h6
9. Bc2 Nc6 10. Qe2 Qc7 11. Na3 a6 12. dxc5 Bxc5 13. b4 Be7 14. Bd3 Na7 15. Bb2
O-O 16. Rac1 Bb5 17. Nxb5 axb5 18. Rce1 Nc6 19. Bb1 Nc4 20. h4 f5 21. exf6 Rxf6
22. Qd3 g6 23. Bc1 Bf8 24. h5 gxh5 25. Nd4 Nxd4 26. Qxd4 Qf7 27. f4 Nd6 28. Qf2
Nf5 29. Be3 Bd6 30. Bc5 Bxc5 31. Qxc5 Ng3 32. Rf3 h4 33. Qxb5 Rc8 34. f5 exf5
35. Re5 Rd8 36. Bc2 Re6 37. Rfe3 Rxe5 38. Rxe5 Ne4 39. Bb3 Kh8 40. Qb6 Rd6 41.
Qd4 Nf6 42. Rxf5 Qg6 43. Rf3 Qg5 44. Qc5 Rd8 45. Qd4 Rd6 46. Re3 h3 47. Rxh3 Re6
48. Rf3 Kg7 49. Qd1 Qh4 50. Rf1 Re5 51. Qd4 Re4 52. Qf2 Qg5 53. Bc2 Re7 54. Re1
Rxe1+ 55. Qxe1 Ng4 56. Bd1 Ne3 57. Bf3 Qe5 58. Kf2 Nc4 59. Qxe5+ Nxe5 60. Bxd5
b6 61. a4 Kf6 62. Ke3 Ke7 63. Kd4 Kd6 64. c4 Nd7 65. a5 bxa5 66. c5+ Kc7 67.
bxa5 Nb8 68. Kc4 Nd7 69. Kb5 Ne5 70. a6 Kb8 71. c6 Ng6 72. Kb6 Ne7 73. c7+ 1-0